| 000 | 01965nam a2200337 a 4500 | ||
|---|---|---|---|
| 001 | BRCA_5025 | ||
| 005 | 20190320204917.0 | ||
| 008 | 011110s1834----mx-######v---#000-0#spa-# | ||
| 041 | _aspa | ||
| 044 | _amx | ||
| 084 |
_aDOC96A _b.G66 _c1834 |
||
| 100 | 1 |
_aGómez Farias, José María Valentín _cVice-Presidente de los Estados Unidos Mexicanos _d1781-1858 _912825 |
|
| 245 | 1 | 0 |
_aDocumento firmado por el C. Valentín Gómez Farias Vice-Presidente de los Estados Unidos Mexicanos _cValentín Gómez Farias, Eduardo Goroztiza, Juan Manuel Escalante. |
| 260 |
_aMéxico _c1834 |
||
| 300 |
_a[2] fojas _c30 x 21 cm |
||
| 500 | _aDocumento firmado el 11 de Marzo de 1834 | ||
| 500 |
_aDon Valentín Gómez Farias Vice-Presidente de los Estados Unidos Mexicanos nombra escribiente cuarto de la Secretaría de Estado y Despacho de Relaciones Exteriores a Don Eduardo Goroztiza por ascenso de Don Juan Manuel Escalante. Sueldo _600. |
||
| 500 | _aEl documento tiene la leyenda DOC. #257 | ||
| 500 | _aAl márgen escudo Nacional Mexicano abultado, encabezado con escudo del Águila Republicana y leyenda: SELLO SEGUNDO. DOCE REALES PARA LOS AÑOS MIL OCHOCIENTOS TREINTA Y DOS Y OCHOCIENTOS TREITA Y TRES. Contiene sello lacrado | ||
| 500 | _aPapel con marca de agua | ||
| 500 | _aEstado de conservación: tiene rasgos de acidificación | ||
| 506 | 0 | _aFondo reservado: para su consulta es necesario credencial de usuario y carta de motivos | |
| 546 | _aTexto en: español a mediados del siglo XIX | ||
| 600 | 1 | 4 |
_aGómez Farias, José María Valentín _cVice-Presidente de los Estados Unidos Mexicanos _d1781-1858 _912825 |
| 650 | 1 | 4 |
_aDocumentos legales _vImpreso con rúbricas _xRelaciones internacionales _912826 |
| 651 | 4 |
_aMéxico _xHistoria _yFederalismo y centralismo, 1824-1853 _912576 |
|
| 700 | 1 |
_aGoroztiza y Cepeda, Manuel María del Pilar Eduardo _d1789-1851 _912827 |
|
| 700 | 1 |
_aEscalante, Juan Manuel _912828 |
|
| 902 | _aFDH | ||
| 942 |
_2lcc _cD |
||
| 999 |
_c4719 _d4719 |
||